Los 10 países más grandes sin reconocimiento de la ONU. - Estadísticas

Estadísticas generales
  • Esta prueba ha sido intentada 104 veces
  • La puntuación promedio es 4 de 10
Estadísticas de respuestas
Hint Respuesta % Correcto
10.887 km/d Kosovo
78%
6.020 km/d Palestina
73%
36.193 km/d Taiwán
64%
266.000 km/d Sahara Occidental
52%
137.600 km/d Somalilandia
46%
8.660 km/d Abjasia
42%
3.901 km/d Osetia del Sur
41%
4.163 km/d Transnistria
36%
11.458 km/d Artsaj
9%
3.355 km/d República Turca del Norte de Chipre
5%
No se encontraron pruebas coincidentes
Distribución de puntuación
Porcentaje de gente con cada puntuación
Porcentaje por número respondido
Historial de tus puntuaciones
No has intentado esta prueba.